Marvel Comics Super Groups Quiz Stats

 Plays Quiz Updated Feb 9, 2012

Score 0/70 Timer 10:00
4 Plays Today
Clue Name % Correct
Mightiest of Super TeamsAvengers
88.7%
Premier Mutant Super TeamX-Men
88.1%
United States Agency led by Nick FurySHIELD
71.5%
World's Most Famous Super TeamFantastic Four
69.2%
Cut Off One Head...HYDRA
54.8%
Group of Mutant Terrorists Led by MystiqueBrotherhood of Mutants
52.9%
Half-Dozen of Spider-Man's Most Dangerous FoesSinister Six
46.4%
Shape-Shifting Little Green MenSkrulls
44%
Mutant-Hunting Super Team or Mutant Assasination SquadX-Force
43.3%
Original Canadian Super TeamAlpha Flight
42.5%
LA Super Team Led by HawkeyeWest Coast Avengers
41.5%
Race of Aliens Responsible for Captain MarvelKree
41.4%
Mutant Detective AgencyX-Factor Investigations
40.1%
Cosmic Team Containing a Raccoon and a TreeGuardians of the Galaxy
39.7%
Super 'Non-Team' with Ever-Changing RosterDefenders
38.5%
Company Responsible for Iron Man's TechnologyStark Industries
35.8%
Race That Called the Moon HomeInhumans
35.5%
Replaced 'Disassembled' Super Team After Prison BreakoutNew Avengers
34.9%
Where Do They Keep Getting Ninjas?!?Hand
33.9%
Junior Mutant Team Led By Sam and DaniNew Mutants
33.9%
Secret Group with Chess-Themed LeadersHellfire Club
33.5%
Nick Fury's Original Elite Strike ForceHowling Commandos
33.1%
Group of Sewer-Dwelling MutantsMorlocks
32.9%
Defunct British Super Team Led by Captain BritainExcalibur
32.7%
Super Team of Former Villains (Later of Actual Villains)Thunderbolts
32.2%
Scientific TerroristsAdvanced Idea Mechanics (A.I.M.)
31.7%
Teenage Super Team Assembled by KangYoung Avengers
30.1%
Black Panther Refused to Join This Secret SocietyIlluminati
28.7%
Race of Alien Insects with Queens and MothersBrood
28.5%
Alien Response Organization Headed by Agent BrandSWORD
28.3%
US Military's Anti-Hulk Super SquadHulkbusters
26.5%
Space Pirates Led by Cyclops' FatherStarjammers
25.9%
Captain America's First Super TeamInvaders
25.4%
Norman Osborn's Acronym-Happy GroupHAMMER
25.3%
Race of Feathered WarriorsShi'ar
25.1%
Clue Name % Correct
Super Team Created by Children of Super VillainsRunaways
24.6%
Super Team Comprised of Villains Posing as HeroesDark Avengers
24.6%
Misfit Super Team Based in MilwaukeeGreat Lakes Avengers
24.5%
Four-Member Sibling Super TeamPower Pack
23.3%
Baron Zemo's League of VillainsMasters of Evil
21.4%
Devotees of the Master of MagnetismAcolytes
20.9%
Group of Intergalactic Law EnforcementNova Corps
18.5%
Super Villain Team Powered by ToolsWrecking Crew
18.2%
Emma Frost's First Try at a Super TeamHellions
18.2%
Canadian Super Team with USAgentOmega Flight
17.8%
Reality-Hopping Super TeamExiles
17.6%
Defunct Super Team Which Included Ghost Rider and Black WidowChampions
17%
Mr Sinister's Cloned Super Villain TeamMarauders
16.7%
Alternate Reality Super Team Led by HyperionSquadron Supreme
16.5%
Alien Super Team Led by GladiatorImperial Guard
14.8%
Race of Warriors Includes RomSpaceknights
13.8%
Nick Fury's New Elite Strike ForceSecret Warriors
13%
National Super Team of JapanBig Hero 6
12.2%
Roster Includes a Gorilla and a RobotAgents of Atlas
12.1%
Short-Lived Super Team of Teenage Mutants Assembled by 'Cyclops'Young X-Men
12.1%
Adam Warlock's Original Cosmic TeamInfinity Watch
11.8%
Canadian Government OrganizationDepartment H
11.7%
Either Mystique's Old Team or the Montana Initiative TeamFreedom Force
11.7%
Secret British Super Team Led by Pete WisdomMI-13
10.6%
Each Member Must Choose Between the Sword and the AmuletCaptain Britain Corps
10.2%
Race of 100 Artificial Super-Powered ProtectorsEternals
9.6%
Short-Lived Super Team Who Fought Natural DisastersForce Works
7.5%
Super Soldier Organization that Created 'The World'Weapon Plus
7.5%
Captain America-less World War II Super TeamAll-Winners Squad
6.9%
Russian Government's Super TeamWinter Guard
6.1%
Supernatural Team Recently Tasked with Zombie DutyMidnight Sons
6%
CA Initiative Team with Rotating MembersThe Order
5.8%
Secret Department Tasked With Monitoring Alternate RealitiesARMOR
5.3%
Female Super Team With Charity FocusLady Liberators
5%
Former Teen Hero Support GroupLoners
4.4%

You're not logged in!

Compare scores with friends on all Sporcle quizzes.
OR
Log In

Sporcle TV

Today on Sporcle TV


Watch our educational content, quiz creation guides, and fun videos on Sporcle TV.

Show Comments

Extras

Top Quizzes Today


Score Distribution

Your Account Isn't Verified!

In order to create a playlist on Sporcle, you need to verify the email address you used during registration. Go to your Sporcle Settings to finish the process.

Report this User

Report this user for behavior that violates our Community Guidelines.

Details: